Komparatívne a konkurenčné výhody Slovenska a ich využitie v zahraničnoobchodných vzťahoch s rozvojovými krajinami diplomová práca
Na minha lista:
| Autor principal: | |
|---|---|
| Autor Corporativo: | |
| Outros Autores: | |
| Formato: | Livro |
| Idioma: | eslovaco |
| Publicado em: |
Bratislava
2009
|
| Tags: |
Sem tags, seja o primeiro a adicionar uma tag!
|
MARC
| LEADER | 00000nam$a2200000$$$4500 | ||
|---|---|---|---|
| 001 | 0100793 | ||
| 005 | 20230113120459.2 | ||
| 041 | 0 | |a slo | |
| 044 | |a SK | ||
| 245 | 1 | 0 | |a Komparatívne a konkurenčné výhody Slovenska a ich využitie v zahraničnoobchodných vzťahoch s rozvojovými krajinami |b diplomová práca |c Petra Kliková ; škol. Saleh Mothana Obadi |
| 264 | 1 | |a Bratislava |c 2009 | |
| 300 | |a 77 s. | ||
| 100 | 1 | |a Kliková, Petra | |
| 700 | 1 | |a Obadi, Saleh Mothana | |
| 710 | 2 | |a Obchodná fakulta EU. Katedra medzinárodného obchodu | |